[Event "PRO League Group Stage"]
[Site "chess.com INT"]
[Date "2017.02.22"]
[Round "7"]
[White "Katz, Alexander R"]
[Black "Gonzalez, Renier"]
[Result "1-0"]
[WhiteTitle "IM"]
[BlackTitle "GM"]
[WhiteElo "2335"]
[BlackElo "2451"]
[WhiteTeam "New Jersey Knockouts"]
[BlackTeam "Miami Champions"]
[WhiteFideId "2039796"]
[BlackFideId "3501841"]
[EventDate "2017.01.11"]

1. e4 c6 2. d4 Na6 3. Nf3 Nc7 4. Bd3 d5 5. e5 g6 6. O-O Bg7 7. c4 dxc4 8. Bxc4
Be6 9. Bxe6 Nxe6 10. Nc3 Nh6 11. d5 cxd5 12. Nxd5 O-O 13. Qb3 Nc7 14. Rd1 Nxd5
15. Rxd5 Qc7 16. Bxh6 Bxh6 17. e6 fxe6 18. Rd4 Rf6 19. Re1 Rd8 20. Rxd8+ Qxd8
21. Qxb7 a5 22. h4 Bf4 23. Qb3 Qd7 24. Qc4 Qc7 25. Qxc7 Bxc7 26. Kf1 h6 27. Re4
Kf7 28. Ke2 Rf5 29. Nd4 Rf6 30. f3 e5 31. Nb5 Rc6 32. Kd3 Bd6 33. Nc3 Rb6 34. b3
Rb8 35. Rc4 Ke6 36. Ne4 Rb5 37. Rc6 Rd5+ 38. Kc2 Kf7 39. Nc3 Rd4 40. g3 Bb4 41.
Ne4 Rd8 42. h5 gxh5 43. Rxh6 Rc8+ 44. Kd3 Rd8+ 45. Kc4 Rd4+ 46. Kb5 Rd3 47. Rxh5
Ke8 48. Rf5 Be1 49. g4 Rd5+ 50. Kc6 Rd1 51. Rxe5 Bb4 52. Nf6+ Kf7 53. Nd5 Bd6
54. Re4 Rd2 55. a4 Rd3 56. Re3 Rd4 57. Nb6 Bb4 58. Nc4 Rd1 59. f4 Rf1 60. f5 Rf4
61. Kd5 Kf6 62. Re6+ Kg7 63. Rg6+ Kf8 64. Ne5 Bd6 65. Nc4 Bb4 66. Ke5 Rf3 67. g5
Rxb3 68. f6 exf6+ 69. gxf6 Rf3 70. Ke6 Rf2 71. Ne5 Bc3 72. f7 Rf6+ 73. Rxf6 1-0

[Event "PRO League Group Stage"]
[Site "chess.com INT"]
[Date "2017.02.22"]
[Round "7"]
[White "Lapite, Oluwadurotimi"]
[Black "Jonsson, Gauti Pall"]
[Result "1/2-1/2"]
[WhiteElo "2067"]
[BlackElo "2036"]
[WhiteTeam "Lagos Leatherbacks"]
[BlackTeam "Reykjavik Puffins"]
[WhiteFideId "8503648"]
[BlackFideId "2309092"]
[EventDate "2017.01.11"]

1. e4 e6 2. d4 d5 3. e5 c5 4. c3 Nc6 5. Nf3 Bd7 6. Be2 Nge7 7. h4 cxd4 8. cxd4
Qb6 9. Nc3 Nf5 10. Na4 Qa5+ 11. Nc3 Bb4 12. g4 Nfxd4 13. Nxd4 Bxc3+ 14. bxc3
Qxc3+ 15. Kf1 Qxd4 16. Rb1 Qxd1+ 17. Bxd1 b6 18. f4 O-O 19. Ba3 Rfc8 20. Rh2 Na5
21. h5 Nc4 22. Bc1 Rc7 23. h6 g6 24. Bb3 Rac8 25. Rc2 Ne3+ 26. Bxe3 Rxc2 27.
Bxc2 Rxc2 28. Rc1 Rxc1+ 29. Bxc1 Kf8 30. Ba3+ Ke8 31. Kf2 a5 32. Bd6 Kd8 33. Ke3
Bb5 34. Kd4 Kd7 35. a3 Kc6 36. g5 Bc4 37. Kc3 Be2 38. Bf8 Kb5 39. Bd6 Ka4 40.
Bf8 Bf3 41. Bd6 b5 42. Bc5 d4+ 43. Kxd4 b4 44. axb4 axb4 45. Ke3 b3 46. Bd4 Bd5
47. Bb2 Kb4 48. Kd4 Bg2 49. Kd3 Kc5 50. Kd2 Bf3 51. Ke3 Bd1 52. Kd2 Bc2 53. Ke3
Kd5 54. Bc3 Kc4 55. Bb2 Bf5 56. Kd2 Bg4 57. Ke3 Bd1 58. Kd2 Bc2 59. Ke3 Kd5 60.
Bc3 Bb1 61. Bb2 Kc4 62. Kd2 Kd5 1/2-1/2

[Event "PRO League Group Stage"]
[Site "chess.com INT"]
[Date "2017.02.22"]
[Round "7"]
[White "Lapite, Oluwadurotimi"]
[Black "Johannesson, Ingvar Thor"]
[Result "0-1"]
[BlackTitle "FM"]
[WhiteElo "2067"]
[BlackElo "2377"]
[WhiteTeam "Lagos Leatherbacks"]
[BlackTeam "Reykjavik Puffins"]
[WhiteFideId "8503648"]
[BlackFideId "2301490"]
[EventDate "2017.01.11"]

1. e4 g6 2. d4 Bg7 3. Nf3 d6 4. Nc3 a6 5. Be2 Nd7 6. O-O e6 7. Re1 h6 8. a4 b6
9. d5 e5 10. Nd2 Ne7 11. Nc4 O-O 12. b4 f5 13. f3 Nf6 14. Be3 Kh8 15. Qd2 f4 16.
Bf2 g5 17. a5 b5 18. Na3 g4 19. Nd1 Rg8 20. c4 bxc4 21. Rc1 Ng6 22. Rxc4 g3 23.
hxg3 fxg3 24. Be3 Nh5 25. Kf1 Ngf4 26. Bg1 Qh4 27. Ne3 Qh1 28. Bd1 Ra7 29. Ng4
Rf8 30. Ne3 Nxg2 31. Nxg2 Bh3 32. Rc2 Nf4 33. Nc4 Nxg2 34. Qxg2 Bxg2+ 35. Rxg2
Rb7 36. Ne3 Rxb4 37. Nf5 Rb1 38. Nxg3 Qh3 39. Nf5 Rxf5 40. exf5 Rxd1 41. Rxd1
Qxf3+ 42. Ke1 Qxg2 43. Bf2 Qe4+ 44. Kf1 Qxf5 45. Rc1 Qh3+ 46. Ke1 Qd7 47. Rb1
Kh7 48. Rb7 Qa4 49. Rxc7 Qxa5+ 50. Kf1 Qxc7 51. Kg1 Qc4 52. Kh2 Qxd5 53. Kg1 Qe6
54. Kh2 d5 55. Kg1 e4 56. Kh2 a5 57. Kg1 a4 58. Be3 h5 59. Kf2 Kg6 60. Bd4 Kf5
61. Ke2 Kg4 62. Bxg7 Qa6+ 63. Ke3 Qd3+ 64. Kf2 e3+ 65. Kg1 Qe2 0-1

[Event "PRO League Group Stage"]
[Site "chess.com INT"]
[Date "2017.02.22"]
[Round "7"]
[White "Zwirs, Nico"]
[Black "Hawkins, Jonathan"]
[Result "1/2-1/2"]
[BlackTitle "GM"]
[WhiteElo "2395"]
[BlackElo "2583"]
[WhiteTeam "Apeldoorn Apes"]
[BlackTeam "London Towers"]
[WhiteFideId "1036432"]
[BlackFideId "412686"]
[EventDate "2017.01.11"]

1. e4 c6 2. d4 d5 3. exd5 cxd5 4. c4 Nf6 5. Nc3 g6 6. Qb3 Bg7 7. cxd5 O-O 8. Nf3
Nbd7 9. a4 Nb6 10. a5 Nbxd5 11. Bc4 Nxc3 12. bxc3 Ne4 13. Bf4 Nd6 14. Be2 Be6
15. d5 Bg4 16. O-O Rc8 17. Rfc1 Ne4 18. c4 e6 19. Rab1 exd5 20. cxd5 Nc3 21.
Rxc3 Rxc3 22. Qxb7 Rc5 23. a6 Rxd5 24. Qxa7 Re8 25. h3 Rxe2 26. hxg4 Rd1+ 27.
Rxd1 Qxd1+ 28. Kh2 Qd8 29. Qb7 Re8 30. Ng5 Qe7 31. Nf3 Bf8 32. Qxe7 Bxe7 33. Be3
Bd6+ 34. g3 Re4 35. a7 Ra4 36. g5 Kf8 37. Nd2 Ke8 38. Bb6 Kd7 39. Nc4 Ra6 40.
Nxd6 Kxd6 41. Be3 1/2-1/2

[Event "PRO League Group Stage"]
[Site "chess.com INT"]
[Date "2017.02.22"]
[Round "7"]
[White "Kolosovsky, A"]
[Black "Pon, Matt"]
[Result "1-0"]
[BlackTitle "FM"]
[WhiteElo "2074"]
[BlackElo "2165"]
[WhiteTeam "Shymkent Nomads"]
[BlackTeam "Johannesburg Koeksisters"]
[WhiteFideId "13705059"]
[BlackFideId "14301644"]
[EventDate "2017.01.11"]

1. c4 Nf6 2. Nf3 e6 3. b3 b6 4. Bb2 Bb7 5. e3 Be7 6. Nc3 c5 7. Be2 O-O 8. O-O d5
9. cxd5 Nxd5 10. d3 Bf6 11. Qc2 Nb4 12. Qb1 N8c6 13. a3 Nd5 14. Qc2 Rc8 15. Ne4
Bxb2 16. Qxb2 f5 17. Neg5 Qe7 18. d4 h6 19. Nh3 g5 20. Ne5 Nxe5 21. dxe5 Rcd8
22. Rad1 f4 23. e4 Nc7 24. f3 Rxd1 25. Rxd1 Rd8 26. Rd2 Kf7 27. Nf2 h5 28. Qc2
Rxd2 29. Qxd2 Bc6 30. h4 Bb5 31. Bc4 Bxc4 32. bxc4 b5 33. hxg5 Qxg5 34. cxb5
Qxe5 35. Kh2 Ke7 36. a4 Qd6 37. Qa5 Qb6 38. Qc3 c4 39. Nh3 Qc5 40. Nxf4 Ne8 41.
Ng6+ Kd6 42. e5+ Kd7 43. Nf4 h4 44. Nd3 Qc7 45. Nb4 Qc5 46. Nd3 Qc7 47. Nb2 Nf6
48. Nxc4 Nd5 49. Qd4 Kc8 50. Nd6+ Kb8 51. Qxh4 a6 52. bxa6 Qc3 53. Qh8+ Ka7 54.
Nb5+ 1-0

[Event "PRO League Group Stage"]
[Site "chess.com INT"]
[Date "2017.02.22"]
[Round "7"]
[White "Amin, Bassem"]
[Black "Stripunsky, Alexander"]
[Result "1-0"]
[WhiteTitle "GM"]
[BlackTitle "GM"]
[WhiteElo "2666"]
[BlackElo "2536"]
[WhiteTeam "Miami Champions"]
[BlackTeam "New Jersey Knockouts"]
[WhiteFideId "10601457"]
[BlackFideId "2015315"]
[EventDate "2017.01.11"]

1. e4 c5 2. Nf3 e6 3. d3 d5 4. Nbd2 Nc6 5. g3 Nf6 6. Bg2 g6 7. O-O Bg7 8. Re1
O-O 9. c3 a5 10. a4 b6 11. Nb1 Ba6 12. e5 Nd7 13. Bf4 h6 14. h4 f6 15. exf6 Qxf6
16. Na3 Rae8 17. Nb5 e5 18. Nc7 Rd8 19. Bc1 Bb7 20. Nxd5 Qf7 21. c4 Nb4 22. Nxb4
cxb4 23. Re3 Nc5 24. Qe2 Qc7 25. Nd2 Bxg2 26. Kxg2 Qc6+ 27. Ne4 Nxa4 28. Rf3 Nc5
29. Nxc5 Qxc5 30. Rxf8+ Rxf8 31. Be3 Qc6+ 32. Kg1 Rd8 33. Qc2 Bf8 34. b3 Kh7 35.
Rd1 Bc5 36. Qe2 Bxe3 37. Qxe3 Qd6 38. Qe4 Qd4 39. Qxd4 Rxd4 40. f3 Kg7 41. Kf2
Kf6 42. Ke3 Rd8 43. f4 exf4+ 44. Kxf4 Re8 45. d4 Re2 46. d5 Ke7 47. Rd3 Kd6 48.
Re3 Rf2+ 49. Kg4 Kc5 50. Re6 a4 51. Rc6+ Kd4 52. d6 axb3 53. d7 Kc3 54. d8=Q 1-0

[Event "PRO League Group Stage"]
[Site "chess.com INT"]
[Date "2017.02.22"]
[Round "7"]
[White "Shaposhnikov, Evgeny"]
[Black "Kunte, Abhijit"]
[Result "1/2-1/2"]
[WhiteTitle "GM"]
[BlackTitle "GM"]
[WhiteElo "2557"]
[BlackElo "2491"]
[WhiteTeam "Gorky Stormbringers"]
[BlackTeam "Mumbai Movers"]
[WhiteFideId "4122232"]
[BlackFideId "5002265"]
[EventDate "2017.01.11"]

1. c4 Nf6 2. Nf3 c5 3. Nc3 e6 4. g3 b6 5. Bg2 Bb7 6. O-O a6 7. d4 cxd4 8. Qxd4
Bc5 9. Qd3 O-O 10. Bf4 Nc6 11. a3 Rc8 12. b4 Be7 13. Rfd1 h6 14. Rac1 a5 15. b5
Nb8 16. Na4 d5 17. Bxb8 Rxb8 18. cxd5 Qxd5 19. Ne1 Qxd3 20. Rxd3 Bxg2 21. Kxg2
Rfd8 22. Rxd8+ Rxd8 23. Nxb6 Bxa3 24. Rc8 Rxc8 25. Nxc8 Nd7 26. b6 Kf8 27. b7
Ke8 28. Nd3 1/2-1/2

[Event "PRO League Group Stage"]
[Site "chess.com INT"]
[Date "2017.02.22"]
[Round "7"]
[White "Shaposhnikov, Evgeny"]
[Black "Mohammad, Nubairshah Shaikh"]
[Result "1-0"]
[WhiteTitle "GM"]
[BlackTitle "IM"]
[WhiteElo "2557"]
[BlackElo "2412"]
[WhiteTeam "Gorky Stormbringers"]
[BlackTeam "Mumbai Movers"]
[WhiteFideId "4122232"]
[BlackFideId "5053196"]
[EventDate "2017.01.11"]

1. e4 c5 2. Nf3 e6 3. d4 cxd4 4. Nxd4 a6 5. c4 Nf6 6. Nc3 Qc7 7. a3 b6 8. Be3
Bb7 9. f3 Be7 10. Be2 O-O 11. Rc1 d6 12. O-O Nbd7 13. Kh1 Rac8 14. b4 Rfe8 15.
Qd2 Qb8 16. Rc2 Ne5 17. Na4 Nfd7 18. Rb1 h5 19. Nb2 h4 20. h3 Nf6 21. Na4 Ba8
22. Nb3 Nfd7 23. Nb2 d5 24. exd5 exd5 25. c5 bxc5 26. Nxc5 Nxc5 27. bxc5 Rc6 28.
Rcc1 Qd8 29. Na4 Rg6 30. Nb6 Bc6 31. Rd1 Bf8 32. Bd4 Nd7 33. Nxd7 Qxd7 34. Bd3
Rh6 35. Bxa6 Ba4 36. Bd3 Bxd1 37. Bb5 Qf5 38. Rxd1 Rc8 39. Rc1 Be7 40. a4 Bg5
41. Qc2 Qf4 42. Rd1 Bd8 43. Qd2 Qxd2 44. Rxd2 Re6 45. Kg1 Ba5 46. Rd1 Bb4 47.
Bd7 Rc7 48. Bxe6 fxe6 49. Rc1 Kf7 50. Kf1 Rc6 51. Rb1 Ba5 52. Rb7+ Rc7 53. Rxc7+
Bxc7 54. Bc3 e5 55. a5 d4 56. a6 dxc3 57. Ke2 Bb8 58. c6 c2 59. Kd2 e4 60. Kxc2
exf3 61. gxf3 Ke6 62. c7 Bxc7 63. a7 Be5 64. a8=Q Kf5 65. Qe4+ Kf6 66. Qg4 g5
67. Kd3 Bf4 68. Ke4 Ke7 69. Qf5 Kd6 70. Qd5+ Kc7 71. Qe6 Kb7 72. Kd5 Bd2 73.
Qc6+ Kb8 74. Qd7 Be3 75. Kc6 Bf4 76. Qb7# 1-0

[Event "PRO League Group Stage"]
[Site "chess.com INT"]
[Date "2017.02.22"]
[Round "7"]
[White "Leskovar, Mario"]
[Black "Molner, Mackenzie"]
[Result "1/2-1/2"]
[WhiteTitle "IM"]
[BlackTitle "GM"]
[WhiteElo "2292"]
[BlackElo "2450"]
[WhiteTeam "Patagonia Penguins"]
[BlackTeam "Montclair Sopranos"]
[WhiteFideId "100617"]
[BlackFideId "2021722"]
[EventDate "2017.01.11"]

1. e4 c5 2. Nf3 d6 3. d4 cxd4 4. Nxd4 Nf6 5. Nc3 a6 6. f4 e5 7. Nf3 Nbd7 8. Bd3
Be7 9. O-O O-O 10. Kh1 b5 11. a3 Bb7 12. Qe1 Re8 13. Bd2 exf4 14. Bxf4 Nc5 15.
Nd4 Ng4 16. Qg3 Ne5 17. Nf5 Bf6 18. Rae1 Kh8 19. Re2 Rc8 20. Qh3 Rc7 21. Bd2 Rd7
22. Ne3 Nexd3 23. cxd3 d5 24. exd5 Nxd3 25. Ng4 Rxe2 26. Nxf6 gxf6 27. Nxe2 Rxd5
28. Bc3 Ne5 29. Qh4 Rd1 30. Rxd1 Qxd1+ 31. Qe1 Qd5 32. Qg3 Qd1+ 33. Ng1 Qd5 34.
h3 Qe4 35. Kh2 h5 36. Qf2 Kg7 37. Ne2 Qg6 38. Nf4 Qf5 39. Qh4 Ng4+ 40. Kg3 Ne3
41. Bxf6+ Kf8 42. Qg5 Nf1+ 43. Kh4 Qxg5+ 44. Bxg5 Ne3 45. Kxh5 Nxg2 46. Nxg2
Bxg2 47. h4 Bf3+ 48. Kh6 Kg8 49. Bf6 a5 50. Kg5 a4 51. h5 Kh7 52. h6 Be2 53. Bg7
Bc4 54. Kf6 Bb3 55. Kg5 Bc4 56. Kf6 Bb3 57. Kg5 Bc4 58. Kf6 1/2-1/2

[Event "PRO League Group Stage"]
[Site "chess.com INT"]
[Date "2017.02.22"]
[Round "7"]
[White "Agrest, Evgenij"]
[Black "Kazhgaleyev, Murtas"]
[Result "1/2-1/2"]
[WhiteTitle "GM"]
[BlackTitle "GM"]
[WhiteElo "2593"]
[BlackElo "2594"]
[WhiteTeam "Stockholm Snowballs"]
[BlackTeam "Cannes Blockbusters"]
[WhiteFideId "1705024"]
[BlackFideId "13700316"]
[EventDate "2017.01.11"]

1. d4 Nf6 2. Bf4 e6 3. e3 b6 4. Nf3 Be7 5. h3 O-O 6. Bd3 c5 7. O-O Ba6 8. dxc5
bxc5 9. Bxa6 Nxa6 10. c4 Qb6 11. b3 d5 12. cxd5 exd5 13. Nc3 Rfd8 14. Qe2 Nc7
15. Rac1 Ne6 16. Be5 d4 17. Na4 d3 18. Qb2 Qa6 19. Rfd1 Nd7 20. Qc3 Nb6 21. Nxb6
axb6 22. a4 b5 1/2-1/2

[Event "PRO League Group Stage"]
[Site "chess.com INT"]
[Date "2017.02.22"]
[Round "7"]
[White "Abrahams, Steven L"]
[Black "Stripunsky, Alexander"]
[Result "0-1"]
[BlackTitle "GM"]
[WhiteElo "2055"]
[BlackElo "2536"]
[WhiteTeam "Miami Champions"]
[BlackTeam "New Jersey Knockouts"]
[WhiteFideId "2075792"]
[BlackFideId "2015315"]
[EventDate "2017.01.11"]

1. e4 c5 2. Nf3 e6 3. d4 cxd4 4. Nxd4 a6 5. Bd3 Qc7 6. O-O Nf6 7. c4 Nc6 8. Nb3
b6 9. f4 d6 10. Qe2 Bb7 11. Nc3 Be7 12. Be3 Nd7 13. Rac1 Nc5 14. Nxc5 bxc5 15.
b3 Bf6 16. Qd2 Bd4 17. Ne2 Bxe3+ 18. Qxe3 e5 19. Nc3 Nd4 20. Nd5 Qd8 21. Qg3 O-O
22. fxe5 dxe5 23. Qxe5 f6 24. Qg3 Kh8 25. Rce1 Nc6 26. Be2 Ne5 27. Bg4 Qd6 28.
Bf5 g6 29. Bg4 Rad8 30. Rd1 Nc6 31. Qh4 f5 32. exf5 Nd4 33. fxg6 Qxg6 34. Rxf8+
Rxf8 35. Qe7 Re8 36. Qf6+ Qxf6 37. Nxf6 Rd8 38. h3 a5 39. Re1 Kg7 40. Re7+ Kxf6
41. Rxb7 Ra8 42. Kf2 a4 43. Rxh7 axb3 44. axb3 Nxb3 45. Rh6+ Ke5 46. Rb6 Nd4 47.
Be2 Ra2 48. Rh6 Rxe2+ 49. Kg3 Rc2 50. Rh5+ Kd6 51. Rd5+ Kc6 52. Rg5 Rxc4 53. h4
Ne6 54. Rg6 Kd6 55. h5 Rc1 56. h6 Rh1 57. Kg4 c4 58. Kf3 c3 59. Rg8 c2 0-1

[Event "PRO League Group Stage"]
[Site "chess.com INT"]
[Date "2017.02.22"]
[Round "7"]
[White "Abrahams, Steven L"]
[Black "Katz, Alexander R"]
[Result "0-1"]
[BlackTitle "IM"]
[WhiteElo "2055"]
[BlackElo "2335"]
[WhiteTeam "Miami Champions"]
[BlackTeam "New Jersey Knockouts"]
[WhiteFideId "2075792"]
[BlackFideId "2039796"]
[EventDate "2017.01.11"]

1. e4 d6 2. d4 Nf6 3. Nc3 g6 4. Bd3 Bg7 5. Bg5 h6 6. Bh4 O-O 7. Nge2 Nbd7 8. O-O
c5 9. dxc5 Nxc5 10. Kh1 Bd7 11. f3 Rc8 12. Qd2 a6 13. Rad1 b5 14. b3 e6 15. Nb1
Nfxe4 16. Bxd8 Nxd2 17. Nxd2 Rfxd8 18. Ne4 Nxd3 19. cxd3 d5 20. N4g3 Rc2 21. Nc1
Rdc8 22. d4 a5 23. Nge2 b4 24. h4 Bb5 25. Rfe1 Bxe2 26. Nxe2 Rxa2 27. h5 g5 28.
f4 Rcc2 29. Nc1 Rab2 30. Nd3 Rxb3 31. fxg5 hxg5 32. Nc5 Rg3 33. Rg1 Rg4 34. g3
Bxd4 35. Rc1 Rxc1 36. Rxc1 Bxc5 37. Rxc5 b3 38. Rxa5 Rb4 39. Ra1 b2 40. Rb1 Kh7
41. Kg2 Kh6 42. Kf2 Kxh5 43. Ke2 Kg4 44. Kd2 Kxg3 45. Kc2 f5 46. Rg1+ Kf4 47.
Kb1 g4 48. Rf1+ Kg5 49. Rh1 g3 50. Re1 f4 51. Rd1 g2 52. Re1 f3 53. Rd1 f2 0-1

[Event "PRO League Group Stage"]
[Site "chess.com INT"]
[Date "2017.02.22"]
[Round "7"]
[White "Yatzenko, Anton"]
[Black "Kulkarni, Rakesh"]
[Result "1-0"]
[WhiteElo "2361"]
[BlackElo "2344"]
[WhiteTeam "Gorky Stormbringers"]
[BlackTeam "Mumbai Movers"]
[WhiteFideId "4157826"]
[BlackFideId "5037077"]
[EventDate "2017.01.11"]

1. d4 Nf6 2. Nf3 e6 3. Bg5 c5 4. e3 Be7 5. c3 b6 6. Be2 Bb7 7. O-O O-O 8. a4 Nc6
9. Nbd2 d5 10. Qb1 Rc8 11. Bd3 h6 12. Bh4 Nd7 13. Bg3 Bf6 14. Re1 Re8 15. b4 e5
16. b5 Na5 17. Bf5 cxd4 18. cxd4 exd4 19. Nxd4 Nc4 20. N2f3 Nce5 21. Nxe5 Bxe5
22. Bxe5 Rxe5 23. a5 bxa5 24. Bxd7 Qxd7 25. Rxa5 Ra8 26. Qa2 Qg4 27. Rxa7 Qxd4
28. Rxa8+ Bxa8 29. Qxa8+ Kh7 30. Qa1 Qxa1 31. Rxa1 d4 32. Rb1 dxe3 33. fxe3 Rxe3
34. b6 Re8 35. b7 Rb8 36. Kf2 Kg6 37. Ke3 Kf5 38. Kd4 g5 39. Kd5 h5 40. Rf1+ Kg6
41. Kc6 f5 42. Kc7 Rh8 43. b8=Q Rxb8 44. Kxb8 f4 45. Kc7 Kf5 46. Kd6 g4 47. Kd5
h4 48. h3 f3 49. hxg4+ Kxg4 50. Rxf3 h3 51. Rxh3 Kf4 52. Kd4 Kg4 53. Ke4 Kg5 54.
Rf3 Kg4 55. g3 Kh3 56. Kf4 1-0

[Event "PRO League Group Stage"]
[Site "chess.com INT"]
[Date "2017.02.22"]
[Round "7"]
[White "Yatzenko, Anton"]
[Black "Ghosh, Diptayan"]
[Result "1/2-1/2"]
[BlackTitle "GM"]
[WhiteElo "2361"]
[BlackElo "2570"]
[WhiteTeam "Gorky Stormbringers"]
[BlackTeam "Mumbai Movers"]
[WhiteFideId "4157826"]
[BlackFideId "5045207"]
[EventDate "2017.01.11"]

1. d4 Nf6 2. Nf3 g6 3. c4 Bg7 4. Nc3 d5 5. cxd5 Nxd5 6. e4 Nxc3 7. bxc3 c5 8.
Be3 Qa5 9. Nd2 Bd7 10. Nb3 Qxc3+ 11. Bd2 Qb2 12. Bc1 Qc3+ 13. Bd2 Qb2 14. Bc1
Qc3+ 15. Bd2 Qb2 16. Bc1 1/2-1/2

[Event "PRO League Group Stage"]
[Site "chess.com INT"]
[Date "2017.02.22"]
[Round "7"]
[White "Ynojosa Aponte, Felix Jose"]
[Black "Ashwin, Jayaram"]
[Result "1/2-1/2"]
[WhiteTitle "IM"]
[BlackTitle "GM"]
[WhiteElo "2399"]
[BlackElo "2490"]
[WhiteTeam "Rio Grande Ospreys"]
[BlackTeam "Webster Windmills"]
[WhiteFideId "3900258"]
[BlackFideId "5018137"]
[EventDate "2017.01.11"]

1. c4 e5 2. Nc3 Bb4 3. e3 Bxc3 4. bxc3 d6 5. Ne2 f5 6. f3 Nf6 7. d4 Nc6 8. Ng3
O-O 9. Bd3 e4 10. Bc2 Qe7 11. O-O Bd7 12. Qe2 Na5 13. Ba3 c5 14. fxe4 Nxe4 15.
Nxe4 fxe4 16. dxc5 dxc5 17. Qh5 b6 18. Qd5+ Kh8 19. Qxe4 Qxe4 20. Bxe4 Bc6 21.
Bd3 Rfd8 22. Be2 Rd2 23. Rf2 Rad8 24. Bc1 Rc2 25. Bf1 Rxf2 26. Kxf2 Be4 27. Ke1
Bd3 28. e4 Bxf1 29. Kxf1 Nxc4 30. Ke2 Re8 31. Bf4 Rxe4+ 32. Kf3 Re7 33. Rd1 Kg8
34. Rd8+ Kf7 35. h4 Ke6 36. g4 Rd7 37. Rh8 h6 38. h5 Ne5+ 39. Bxe5 Kxe5 40. Ke3
Kf6 41. Kf4 Rd2 42. Rf8+ Ke6 43. Re8+ Kf7 44. Rc8 Rxa2 45. Rc7+ Kf6 46. Rc6+ Kf7
47. Rc7+ Kg8 48. c4 Rf2+ 49. Ke5 Rf7 50. Rc8+ Rf8 51. Rc7 Rf7 52. Rc8+ Kh7 53.
Rc6 Rd7 54. Kf5 Rd4 55. Rc7 Rxc4 56. Rxa7 b5 57. Rb7 b4 58. g5 hxg5 59. Kxg5 Rc3
60. h6 Rg3+ 61. Kf4 Rg1 62. hxg7 Rxg7 63. Rb5 Rc7 64. Ke3 Re7+ 65. Kd3 Re5 66.
Rb6 Kg7 67. Kc4 Kf7 68. Rd6 Ke7 69. Rd1 Ke6 70. Rd2 Kf5 71. Rd1 Ke4 72. Re1+ Kf4
73. Rf1+ Kg3 74. Rf8 Kg4 75. Rf1 Rf5 76. Rg1+ Kf4 77. Rf1+ Ke5 78. Rd1 Ke4 79.
Re1+ Kf4 80. Rf1+ Kg4 81. Rg1+ Kf4 82. Rf1+ Kg5 83. Rg1+ Kf6 84. Re1 Re5 85. Rd1
Kf5 86. Rf1+ Ke6 87. Rd1 Ke7 88. Rd2 Ke6 89. Rd1 Rh5 90. Rd2 Re5 91. Rd1 Rf5 92.
Rd2 Kf6 93. Re2 Re5 94. Rf2+ Kg5 95. Rf1 Kg4 96. Rf2 Rf5 97. Re2 Kf3 98. Re1 Kf2
99. Re7 Rh5 100. Re8 Rf5 101. Re7 Kf3 102. Re8 Kf4 103. Re1 Re5 104. Rf1+ Ke4
105. Re1+ Kf5 106. Rf1+ Ke6 107. Rd1 Kf6 108. Rf1+ Ke7 109. Rd1 Ke6 110. Rd2 Kf5
111. Rd1 Kf4 112. Rf1+ Ke3 113. Re1+ Kf4 114. Rf1+ Kg4 115. Rf2 Rf5 116. Re2 Kf3
117. Re8 Kf4 118. Re1 Kg3 119. Re8 Kf2 120. Re7 Rf3 121. Kxc5 b3 122. Rb7 Ke2
123. Kc4 Kd2 124. Rxb3 Rxb3 125. Kxb3 1/2-1/2

[Event "PRO League Group Stage"]
[Site "chess.com INT"]
[Date "2017.02.22"]
[Round "7"]
[White "Ynojosa Aponte, Felix Jose"]
[Black "Nyzhnyk, Illya"]
[Result "1/2-1/2"]
[WhiteTitle "IM"]
[BlackTitle "GM"]
[WhiteElo "2399"]
[BlackElo "2616"]
[WhiteTeam "Rio Grande Ospreys"]
[BlackTeam "Webster Windmills"]
[WhiteFideId "3900258"]
[BlackFideId "14118084"]
[EventDate "2017.01.11"]

1. c4 e5 2. Nc3 Nf6 3. e4 Bc5 4. Be2 d6 5. Nf3 Nc6 6. O-O a5 7. d3 h6 8. Be3 O-O
9. h3 Bd7 10. a3 Nd4 11. Bxd4 exd4 12. Nb5 Bxb5 13. cxb5 a4 14. b4 axb3 15. Qxb3
Nd7 16. a4 c6 17. Nd2 Qa5 18. Nc4 Qc3 19. Qb1 d5 20. exd5 cxd5 21. Nb2 Ba3 22.
Nd1 Qc5 23. Qb3 Bb4 24. Bf3 Nb6 25. Nb2 Rfc8 26. Rfb1 Ba5 27. Rc1 Qxc1+ 28. Rxc1
Rxc1+ 29. Nd1 Rd8 30. Qb2 Rc3 31. Qe2 Kf8 32. g4 Re8 33. Nxc3 Rxe2 34. Nxe2 Nxa4
35. Nxd4 Nb6 36. Nf5 g6 37. Ne3 d4 38. Nc2 Bc3 39. Bxb7 Ke7 40. Kg2 Kd6 41. Bc6
Ke5 42. Be8 Ke6 43. f4 Ke7 44. Bc6 f5 45. Kf3 Kf6 46. Bb7 Nd7 47. Bc6 Nb6 48.
Na3 Bb4 49. Nc2 Bc3 50. Ke2 g5 51. Kf3 fxg4+ 52. Kxg4 Bb2 53. fxg5+ hxg5 54. Ne1
Bc1 55. Nf3 Be3 56. Be4 Nd7 57. Kh5 Nc5 58. b6 Nxe4 59. dxe4 d3 60. b7 Ba7 61.
Kg4 Bb8 62. Nd2 Bf4 63. Nc4 Bb8 64. Kf3 Ba7 65. Na5 Bb8 66. Nc6 Bf4 67. b8=Q
Bxb8 68. Nxb8 d2 69. Ke2 Ke5 70. Kxd2 Kxe4 71. Ke2 Kf4 72. Kf2 g4 73. h4 g3+ 74.
Kg2 Kg4 75. h5 Kxh5 76. Kxg3 1/2-1/2

[Event "PRO League Group Stage"]
[Site "chess.com INT"]
[Date "2017.02.22"]
[Round "7"]
[White "Rosenthal, Nicholas"]
[Black "Aleskerov, Faik"]
[Result "0-1"]
[WhiteElo "2156"]
[BlackElo "2315"]
[WhiteTeam "St Louis Arch Bishops"]
[BlackTeam "San Jose Hackers"]
[WhiteFideId "2045150"]
[BlackFideId "13401262"]
[EventDate "2017.01.11"]

1. e4 g6 2. Nf3 Bg7 3. Bc4 c6 4. O-O d5 5. exd5 cxd5 6. Be2 Nc6 7. d4 Nf6 8. c3
O-O 9. Bf4 Qb6 10. Qc1 Bf5 11. Nbd2 Rac8 12. Nb3 a5 13. Nc5 Ne4 14. Be3 Nxc5 15.
dxc5 Qc7 16. Rd1 Rfd8 17. Nd4 e5 18. Nb5 Qe7 19. Nd6 Rb8 20. Rxd5 Be6 21. Rd1 b6
22. Bf3 bxc5 23. Bxc5 Qc7 24. Ne4 Rxd1+ 25. Qxd1 Rxb2 26. Ng5 Bc4 27. Bxc6 h6
28. Ba3 Rb6 29. Nxf7 Bxf7 30. Bd5 Rf6 31. c4 Kh7 32. Qd2 Rf4 33. Bb2 Bf8 34. Re1
Bb4 35. Bxe5 Qxe5 36. Qxb4 Qxd5 37. Qb2 Qd4 38. Qe2 Qxc4 39. Qe3 Qd4 40. Qg3 Re4
41. Rc1 Qe5 42. f3 Qxg3 43. hxg3 Ra4 44. Rc7 Kg7 45. g4 Rxa2 46. Kh2 a4 47. f4
a3 48. f5 gxf5 49. gxf5 Rf2 50. Ra7 a2 51. Kh3 Rf1 0-1